| 000 | 01151nam a2200289 a 4500 | ||
|---|---|---|---|
| 001 | BRCA_5765 | ||
| 005 | 20190320205215.0 | ||
| 008 | 080311s1995----mx-a######---#000-0#spa-# | ||
| 020 | _a9682951852 | ||
| 041 | _aspa | ||
| 044 | _amx | ||
| 050 | 4 |
_aNK9114 _b.H47 1995 |
|
| 100 | 1 |
_aHernández Ramírez, María _914621 |
|
| 245 | 1 | 0 |
_aColección de dechados del Museo Nacional de Historia _cMaría Hernández Ramírez, María Teresa Pavía Miller, Laura García González. |
| 260 |
_aMéxico _bINAH _c1995 |
||
| 300 |
_a166 p. _bil. _c28 cm. |
||
| 440 | 0 |
_aColección Catálogos _914622 |
|
| 500 | _aIncluye índice cronológico, índice de motivos, índice de técnicas, índice numérico y glosario | ||
| 504 | _aBibliografía: p. 161-164 | ||
| 610 | 2 | 4 |
_aMuseo Nacional de Historia (México) _vCatálogos _914623 |
| 650 | 1 | 4 |
_aDechados (costura) _vCatálogos _xHistoria _ySiglo XIX-XX _zMéxico _914624 |
| 650 | 1 | 4 |
_aDechados (costura) _vCatálogos _zCiudad de México _914625 |
| 700 | 1 |
_aPavía Miller, María Teresa _914626 |
|
| 700 | 1 |
_aGarcía González, Laura _914627 |
|
| 710 | 2 |
_aMuseo Nacional de Historia (México) _93666 |
|
| 942 |
_2lcc _cB |
||
| 999 |
_c5454 _d5454 |
||